000 00487nam a2200169Ia 4500
008 230524s9999 xx 000 0 und d
082 _a430
_bTHY
100 _aT.Thyagarajan
245 0 _a"Engineering Basics (Electrical, Electronics and Comp-Engineering) 3rd edn."
250 _a3RD
260 _aNEW DELHI
_bNew Age
_c2001
300 _aXII;484
500 _aQuantity Number: 1
650 _aElectrical
700 _a" K.P.Sendur Chelvi , T.R.Rangaswamy,,,"
_924192
942 _cBK
999 _c35711
_d35711